000 01123nam a22002417a 4500
003 NALT
005 20251125232936.0
008 s2524 th tha d
040 _aNALT
041 _atha
050 _aDS586 ส4
100 0 _aสมบูรณ์ คนฉลาด
245 1 0 _aบันทึกเหตุการ์ทางการเมืองเมื่อสองนายพลเป็นนายก : ปฏิวัติสามสมัยตอน 2
260 3 _aม.ป.ท. :
_bโรงพิมพ์รวมการพิมพ์,
_c2524
300 _a864 หน้า :
_b ภาพประกอบ
650 0 4 _aไทย -- ประวัติศาสตร์ -- กรุงรัตนโกสินทร์, 2520--2524
650 0 4 _aเปรม ติณสูลานนท์, 2463--
650 0 4 _aเกรียงศักดิ์ ชมะนันท์, 2460--
850 _aNALT
856 4 0 _uhttps://hdl.handle.net/20.500.14156/444109
942 _cGB
_2lcc
999 _c40630
_d40630
998 _j109
_k อารีรัตน์ วิชาช่าง